Engineering chemistry / (Record no. 88248)

MARC details
000 -LEADER
fixed length control field 00687nam a22002297a 4500
005 - DATE AND TIME OF LATEST TRANSACTION
control field 20140903123700.0
010 ## - LCCN (DPL NO)
LC control number ENG-110704
020 ## - INTERNATIONAL STANDARD BOOK NUMBER
International Standard Book Number 9788120350267
Terms of availability 325.00
035 ## - SYSTEM CONTROL NUMBER
System control number EN-94236
037 ## - SOURCE OF ACQUISITION
Source of stock number/acquisition DBAD/PUB
082 ## - DEWEY DECIMAL CLASSIFICATION NUMBER
Classification number 660
100 ## - MAIN ENTRY--PERSONAL NAME
Personal name Krishnamurthy, N.
245 ## - TITLE STATEMENT
Title Engineering chemistry /
Statement of responsibility, etc by N. Krishnamurthy, P.Vallinayagam [and] D.Madhavan
250 ## - EDITION STATEMENT
Edition statement 3rd ed
260 ## - PUBLICATION, DISTRIBUTION, ETC. (IMPRINT)
Place of publication, distribution, etc Delhi
Name of publisher, distributor, etc PHI Learning
Date of publication, distribution, etc 2014
270 ## - ADDRESS
Address Rimjhim House, 111, Patparganj Industrial Estate
City Delhi
Postal code 110092
300 ## - PHYSICAL DESCRIPTION
Extent xviii,372p. :
Dimensions 24cm(pbk)
Other physical details ill.
500 ## - GENERAL NOTE
General note Includes index
700 ## - ADDED ENTRY--PERSONAL NAME
Personal name Vallinayagam, P.
700 ## - ADDED ENTRY--PERSONAL NAME
Personal name Madhavan, D.
942 ## - ADDED ENTRY ELEMENTS (KOHA)
Source of classification or shelving scheme Dewey Decimal Classification
Item type English Books
Call number suffix KRI
Classification part 660
Holdings
Withdrawn status Lost status Not for loan Collection code Home library Current library Date acquired Source of acquisition Cost, normal purchase price Full call number Barcode Copy number Cost, replacement price Koha item type
    Not For Loan Non-fiction D.B.Act.Division D.B.Act.Division 02/09/2014 DBAD/PUB 325.00 660 KRI EN-94236 1 325.00 English Books

© Delhi Public Library
Hit Counter
free hit counter